000 00707nam a2200241 a 4500
003 Co-PeBPM
005 20251028113737.0
008 231129s1966||||xx |||||||||||||| ||spa||
040 _bspa
_aCo-PeBPM
_cCo-PeBPM
_erda
041 _aspa
082 _a233.4 P211p
100 _aPaoli, Arturo
_eAutor
245 0 _aLa persona, el mundo y Dios
250 _aPrimera
260 _c1966
264 _aEdiciones Carlos Lohlé, Buenos Aires; 1966
300 _a217 páginas;
_c21.5cms
500 _aIncluye índice
505 _aIncluye índice
650 1 4 _2LEMB
_aHombre
_xEvangelización
650 1 4 _2LEMB
_aLadrones
_xSamaritano
942 _2ddc
_cBK
_ePrimera
_h233.4
_iP211p
_n0
999 _c17903
_d17903